[Event "Atviras BTA Lietuvos RAPID2021"]
[Site "Vilnius, Lithuania"]
[Date "2021.07.17"]
[Round "3.1"]
[White "Latinis, Marius"]
[Black "Laurusas, Tomas"]
[Result "0-1"]
[WhiteElo "2003"]
[BlackElo "2552"]
[PlyCount "101"]

1. e4 {[%emt 0:00:02]} c6 {[%emt 0:00:02]} 2. d4 {[%emt 0:00:04]} d5 {[%emt 0:
00:01]} 3. exd5 {[%emt 0:00:01]} cxd5 {[%emt 0:00:01]} 4. Bd3 {[%emt 0:00:00]}
Nf6 {[%emt 0:00:04]} 5. c3 {[%emt 0:00:04]} Nc6 {[%emt 0:00:13]} 6. Bf4 {[%emt
0:00:02]} Bg4 {[%emt 0:00:02]} 7. Qb3 {[%emt 0:00:01]} Na5 {[%emt 0:00:02]} 8.
Qa4+ {[%emt 0:00:15]} Bd7 {[%emt 0:00:01]} 9. Qc2 {[%emt 0:00:03]} Rc8 {[%emt
0:00:01]} 10. Nf3 {[%emt 0:00:05]} Qb6 {[%emt 0:00:01]} 11. Nbd2 {[%emt 0:00:
17]} Nh5 {[%emt 0:00:26]} 12. Be3 {[%emt 0:00:13]} Nc6 {[%emt 0:00:12]} 13. O-O
{[%emt 0:00:08]} Nb4 {[%emt 0:00:05]} 14. Qb1 {[%emt 0:00:02]} Nxd3 {[%emt 0:
00:02]} 15. Qxd3 {[%emt 0:00:01]} g6 {[%emt 0:00:06]} 16. Ne5 {[%emt 0:00:22]}
Bb5 {[%emt 0:00:43]} 17. c4 {[%emt 0:00:12]} dxc4 {[%emt 0:00:02]} 18. Nexc4 {
[%emt 0:00:28]} Qa6 {[%emt 0:00:04]} 19. Rfc1 {[%emt 0:00:05]} Rd8 {[%emt 0:00:
03]} 20. a4 {[%emt 0:01:24]} Bc6 {[%emt 0:00:07]} 21. Ne4 {[%emt 0:00:34]} Bd5
{[%emt 0:00:53]} 22. Nc5 {[%emt 0:00:15]} Qf6 {[%emt 0:00:26]} 23. Ne5 {[%emt
0:00:33]} a6 {[%emt 0:00:03]} 24. b4 {[%emt 0:01:09]} Bg7 {[%emt 0:00:21]} 25.
b5 {[%emt 0:00:44]} Nf4 {[%emt 0:02:12]} 26. Bxf4 {[%emt 0:00:02]} Qxf4 {[%emt
0:00:00]} 27. g3 {[%emt 0:00:52]} Qf5 {[%emt 0:00:02]} 28. Qxf5 {[%emt 0:00:14]
} gxf5 {[%emt 0:00:01]} 29. bxa6 {[%emt 0:00:07]} b6 {[%emt 0:00:32]} 30. Nb7 {
[%emt 0:00:21]} Ra8 {[%emt 0:00:02]} 31. Rab1 {[%emt 0:00:48]} f6 {[%emt 0:00:
24]} 32. Nd3 {[%emt 0:00:25]} Rxa6 {[%emt 0:00:05]} 33. Nb4 {[%emt 0:00:45]}
Ra7 {[%emt 0:01:13]} 34. Nxd5 {[%emt 0:00:15]} Rxb7 {[%emt 0:00:01]} 35. Rxb6 {
[%emt 0:00:05]} Ra7 {[%emt 0:00:02]} 36. Rb4 {[%emt 0:00:44]} Kf7 {[%emt 0:00:
19]} 37. Ra1 {[%emt 0:00:21]} Rd8 {[%emt 0:00:11]} 38. Nc3 {[%emt 0:00:08]} e6
{[%emt 0:00:26]} 39. a5 {[%emt 0:00:19]} Bf8 {[%emt 0:00:00]} 40. Rba4 {[%emt
0:00:02]} Ra6 {[%emt 0:00:00]} 41. Kf1 {[%emt 0:00:15]} Rc8 {[%emt 0:00:13]}
42. Nd1 {[%emt 0:00:14]} Bd6 {[%emt 0:00:12]} 43. Ne3 {[%emt 0:00:03]} f4 {
[%emt 0:00:13]} 44. Nc4 {[%emt 0:00:11]} Bc7 {[%emt 0:00:02]} 45. Ke2 {[%emt 0:
00:03]} Rd8 {[%emt 0:00:02]} 46. Nd2 {[%emt 0:00:14]} Rd5 {[%emt 0:00:02]} 47.
Nb3 {[%emt 0:00:14]} Bd6 {[%emt 0:00:28]} 48. Kd3 {[%emt 0:00:03]} Rh5 {[%emt
0:00:02]} 49. gxf4 {[%emt 0:00:07]} Rxh2 {[%emt 0:00:09]} 50. Nc5 {[%emt 0:00:
10]} Ra8 {[%emt 0:00:15]} 51. a6 {[%emt 0:00:07]} 0-1

[Event "Atviras BTA Lietuvos RAPID2021"]
[Site "Vilnius, Lithuania"]
[Date "2021.07.17"]
[Round "3.2"]
[White "Sulskis, Sarunas"]
[Black "Zaura, Vidmantas"]
[Result "1-0"]
[WhiteElo "2538"]
[BlackElo "1999"]
[PlyCount "83"]

1. e4 {[%emt 0:00:08]} e5 {[%emt 0:00:04]} 2. Nf3 {[%emt 0:00:09]} Nf6 {[%emt
0:00:03]} 3. Nxe5 {[%emt 0:00:11]} Nxe4 {[%emt 0:00:05]} 4. Qe2 {[%emt 0:00:25]
} Qe7 {[%emt 0:00:03]} 5. Qxe4 {[%emt 0:00:21]} d6 {[%emt 0:00:02]} 6. d4 {
[%emt 0:00:29]} dxe5 {[%emt 0:00:04]} 7. dxe5 {[%emt 0:01:26]} Nc6 {[%emt 0:00:
03]} 8. Bb5 {[%emt 0:00:25]} Bd7 {[%emt 0:00:02]} 9. O-O {[%emt 0:00:11]} O-O-O
{[%emt 0:01:02]} 10. Nc3 {[%emt 0:00:27]} Qb4 {[%emt 0:01:36]} 11. Bxc6 {[%emt
0:02:07]} Bxc6 {[%emt 0:00:05]} 12. Qf5+ {[%emt 0:00:02]} Rd7 {[%emt 0:00:06]}
13. a3 {[%emt 0:00:25]} Qe7 {[%emt 0:00:31]} 14. Bg5 {[%emt 0:00:26]} Qe6 {
[%emt 0:00:51]} 15. Qxe6 {[%emt 0:00:06]} fxe6 {[%emt 0:00:02]} 16. Rad1 {
[%emt 0:00:05]} h6 {[%emt 0:01:34]} 17. Be3 {[%emt 0:00:07]} Be7 {[%emt 0:00:
19]} 18. Rxd7 {[%emt 0:00:08]} Bxd7 {[%emt 0:00:19]} 19. Rd1 {[%emt 0:00:04]}
Bc6 {[%emt 0:01:09]} 20. Ne2 {[%emt 0:00:22]} Be4 {[%emt 0:00:13]} 21. c3 {
[%emt 0:00:22]} Rd8 {[%emt 0:00:24]} 22. Rxd8+ {[%emt 0:00:20]} Kxd8 {[%emt 0:
00:03]} 23. f3 {[%emt 0:00:14]} Bd5 {[%emt 0:00:15]} 24. Nf4 {[%emt 0:00:28]}
Bb3 {[%emt 0:00:02]} 25. Kf2 {[%emt 0:00:19]} Kd7 {[%emt 0:00:02]} 26. Ng6 {
[%emt 0:00:14]} b6 {[%emt 0:00:10]} 27. h4 {[%emt 0:00:13]} Bc2 {[%emt 0:00:14]
} 28. h5 {[%emt 0:00:02]} a5 {[%emt 0:00:28]} 29. Ke2 {[%emt 0:00:05]} a4 {
[%emt 0:00:05]} 30. g4 {[%emt 0:00:11]} Bd8 {[%emt 0:00:21]} 31. Kd2 {[%emt 0:
00:40]} Bb1 {[%emt 0:00:02]} 32. c4 {[%emt 0:00:22]} Be7 {[%emt 0:00:04]} 33.
c5 {[%emt 0:00:14]} Bxc5 {[%emt 0:00:29]} 34. Bxc5 {[%emt 0:00:03]} bxc5 {
[%emt 0:00:00]} 35. Kc3 {[%emt 0:00:12]} Ba2 {[%emt 0:00:03]} 36. Kd3 {[%emt 0:
00:15]} Bd5 {[%emt 0:00:07]} 37. Ke3 {[%emt 0:00:02]} Bb3 {[%emt 0:00:05]} 38.
Nf4 {[%emt 0:00:17]} Kc6 {[%emt 0:00:10]} 39. Ne2 {[%emt 0:00:10]} Kd5 {[%emt
0:00:13]} 40. f4 {[%emt 0:00:01]} Bc2 {[%emt 0:00:06]} 41. Nc3+ {[%emt 0:00:06]
} Kc4 {[%emt 0:00:02]} 42. f5 {[%emt 0:00:09]} 1-0

[Event "Atviras BTA Lietuvos RAPID2021"]
[Site "Vilnius, Lithuania"]
[Date "2021.07.17"]
[Round "3.3"]
[White "Bagvilas, Lukas"]
[Black "Pultinevicius, Paulius"]
[Result "0-1"]
[WhiteElo "1973"]
[BlackElo "2519"]
[PlyCount "72"]

1. e4 {[%emt 0:00:00]} e5 {[%emt 0:00:04]} 2. Nc3 {[%emt 0:00:03]} Nf6 {[%emt
0:00:02]} 3. g3 {[%emt 0:00:05]} Bc5 {[%emt 0:00:31]} 4. Bg2 {[%emt 0:00:09]}
Nc6 {[%emt 0:00:09]} 5. Nge2 {[%emt 0:00:05]} a6 {[%emt 0:00:07]} 6. O-O {
[%emt 0:00:03]} h5 {[%emt 0:00:06]} 7. Nd5 {[%emt 0:00:20]} h4 {[%emt 0:00:11]}
8. c3 {[%emt 0:00:07]} hxg3 {[%emt 0:02:18]} 9. hxg3 {[%emt 0:00:02]} Ba7 {
[%emt 0:00:02]} 10. d4 {[%emt 0:00:36]} Ng4 {[%emt 0:00:29]} 11. f3 {[%emt 0:
03:49]} Nf6 {[%emt 0:01:05]} 12. Bg5 {[%emt 0:00:37]} Rh5 {[%emt 0:00:32]} 13.
f4 {[%emt 0:00:21]} Rxg5 {[%emt 0:01:28]} 14. fxg5 {[%emt 0:00:01]} Nxd5 {
[%emt 0:01:13]} 15. exd5 {[%emt 0:00:08]} Ne7 {[%emt 0:00:02]} 16. Qd3 {[%emt
0:01:38]} g6 {[%emt 0:01:09]} 17. Rae1 {[%emt 0:00:12]} d6 {[%emt 0:00:02]} 18.
Kh2 {[%emt 0:00:11]} Bf5 {[%emt 0:00:03]} 19. Be4 {[%emt 0:00:07]} Qd7 {[%emt
0:00:08]} 20. dxe5 {[%emt 0:00:17]} dxe5 {[%emt 0:00:02]} 21. Bxf5 {[%emt 0:00:
26]} gxf5 {[%emt 0:00:01]} 22. g4 {[%emt 0:00:35]} e4 {[%emt 0:00:27]} 23. Qg3
{[%emt 0:00:33]} O-O-O {[%emt 0:00:02]} 24. Nf4 {[%emt 0:00:18]} Rh8+ {[%emt 0:
00:06]} 25. Kg2 {[%emt 0:00:01]} Nxd5 {[%emt 0:00:31]} 26. Nxd5 {[%emt 0:00:02]
} Qxd5 {[%emt 0:00:01]} 27. Re2 {[%emt 0:00:27]} fxg4 {[%emt 0:00:39]} 28.
Qxg4+ {[%emt 0:00:04]} Kb8 {[%emt 0:00:02]} 29. Rxe4 {[%emt 0:00:27]} Bb6 {
[%emt 0:00:22]} 30. Rf5 {[%emt 0:00:09]} Qd6 {[%emt 0:00:18]} 31. Rfe5 {[%emt
0:00:10]} Ka7 {[%emt 0:00:04]} 32. c4 {[%emt 0:00:12]} c6 {[%emt 0:00:14]} 33.
a3 {[%emt 0:00:05]} Qd3 {[%emt 0:00:05]} 34. Qf3 {[%emt 0:00:05]} Qb1 {[%emt 0:
00:05]} 35. Re2 {[%emt 0:00:07]} Qh1+ {[%emt 0:00:03]} 36. Kg3 {[%emt 0:00:03]}
Rh3+ {[%emt 0:00:01]} 0-1

[Event "Atviras BTA Lietuvos RAPID2021"]
[Site "Vilnius, Lithuania"]
[Date "2021.07.17"]
[Round "3.4"]
[White "Grabliauskas, Virginijus"]
[Black "Kaspute, Vesta"]
[Result "1-0"]
[WhiteElo "2308"]
[BlackElo "1971"]
[PlyCount "48"]

1. e4 {[%emt 0:00:03]} c5 {[%emt 0:00:03]} 2. Nf3 {[%emt 0:00:13]} e6 {[%emt 0:
00:05]} 3. c3 {[%emt 0:00:02]} Nf6 {[%emt 0:00:52]} 4. e5 {[%emt 0:00:03]} Nd5
{[%emt 0:00:01]} 5. d4 {[%emt 0:00:02]} cxd4 {[%emt 0:00:10]} 6. cxd4 {[%emt 0:
00:01]} Nc6 {[%emt 0:00:34]} 7. a3 {[%emt 0:00:07]} d6 {[%emt 0:00:11]} 8. Bd3
{[%emt 0:00:02]} dxe5 {[%emt 0:00:27]} 9. dxe5 {[%emt 0:00:06]} Be7 {[%emt 0:
00:22]} 10. O-O {[%emt 0:00:09]} O-O {[%emt 0:00:20]} 11. Qe2 {[%emt 0:00:02]}
Bd7 {[%emt 0:01:21]} 12. Qe4 {[%emt 0:00:12]} g6 {[%emt 0:01:02]} 13. Bh6 {
[%emt 0:00:05]} Re8 {[%emt 0:00:02]} 14. Nbd2 {[%emt 0:00:06]} f5 {[%emt 0:01:
13]} 15. exf6 {[%emt 0:00:12]} Nxf6 {[%emt 0:00:23]} 16. Qh4 {[%emt 0:01:32]}
Qc7 {[%emt 0:02:44]} 17. Rfe1 {[%emt 0:03:57]} Nh5 {[%emt 0:00:14]} 18. Qg4 {
[%emt 0:00:40]} Nf6 {[%emt 0:00:57]} 19. Qc4 {[%emt 0:01:08]} Rac8 {[%emt 0:00:
15]} 20. Rxe6 {[%emt 0:00:44]} Na5 {[%emt 0:00:31]} 21. Rxe7+ {[%emt 0:00:38]}
Nxc4 {[%emt 0:00:40]} 22. Bxc4+ Qxc4 {[%emt 0:00:04]} 23. Rg7+ {[%emt 0:00:25]}
Kh8 {[%emt 0:00:02]} 24. Nxc4 {[%emt 0:01:06]} Rxc4 {[%emt 0:00:00]} 1-0

[Event "Atviras BTA Lietuvos RAPID2021"]
[Site "Vilnius, Lithuania"]
[Date "2021.07.17"]
[Round "3.5"]
[White "Valantiejus, Vaidotas"]
[Black "Limontas, Martynas"]
[Result "0-1"]
[WhiteElo "1945"]
[BlackElo "2294"]
[PlyCount "85"]

1. e4 {[%emt 0:00:02]} e6 {[%emt 0:00:03]} 2. d4 {[%emt 0:00:03]} d5 {[%emt 0:
00:00]} 3. Nd2 {[%emt 0:00:17]} Nc6 {[%emt 0:00:08]} 4. Ngf3 {[%emt 0:00:10]}
Nf6 {[%emt 0:00:00]} 5. e5 {[%emt 0:00:20]} Nd7 {[%emt 0:00:00]} 6. Bd3 {[%emt
0:00:20]} Nb4 {[%emt 0:00:27]} 7. Be2 {[%emt 0:00:02]} c5 {[%emt 0:00:02]} 8.
c3 {[%emt 0:00:03]} Nc6 {[%emt 0:00:05]} 9. O-O {[%emt 0:00:10]} f6 {[%emt 0:
00:30]} 10. exf6 {[%emt 0:00:08]} Qxf6 {[%emt 0:00:03]} 11. Nb3 {[%emt 0:00:31]
} h6 {[%emt 0:01:17]} 12. Be3 {[%emt 0:01:05]} c4 {[%emt 0:03:55]} 13. Nbd2 {
[%emt 0:00:05]} Rb8 {[%emt 0:00:05]} 14. b4 {[%emt 0:02:40]} Bd6 {[%emt 0:00:
15]} 15. b5 {[%emt 0:00:53]} Ne7 {[%emt 0:00:21]} 16. Re1 {[%emt 0:00:55]} O-O
{[%emt 0:00:07]} 17. Nf1 {[%emt 0:00:09]} Nf5 {[%emt 0:00:18]} 18. Bc1 {[%emt
0:00:16]} Nh4 {[%emt 0:00:47]} 19. a4 {[%emt 0:00:20]} Ng6 {[%emt 0:00:13]} 20.
Ba3 {[%emt 0:00:16]} Bxa3 {[%emt 0:00:15]} 21. Rxa3 {[%emt 0:00:01]} Nf4 {
[%emt 0:00:07]} 22. Qd2 {[%emt 0:00:26]} g5 {[%emt 0:00:20]} 23. Bd1 {[%emt 0:
00:23]} Nd3 {[%emt 0:00:07]} 24. Re2 {[%emt 0:00:13]} Qe7 {[%emt 0:01:17]} 25.
Ra2 {[%emt 0:00:09]} Nf6 {[%emt 0:00:01]} 26. Ng3 {[%emt 0:00:50]} Ng4 {[%emt
0:00:12]} 27. h3 {[%emt 0:00:31]} Nf6 {[%emt 0:00:06]} 28. Bc2 {[%emt 0:00:12]}
Nf4 {[%emt 0:00:13]} 29. Re1 {[%emt 0:00:09]} Bd7 {[%emt 0:00:05]} 30. Ne5 {
[%emt 0:00:08]} Be8 {[%emt 0:00:01]} 31. Ne2 {[%emt 0:00:25]} N4h5 {[%emt 0:00:
18]} 32. Bg6 {[%emt 0:00:12]} Qg7 {[%emt 0:00:18]} 33. Bxe8 {[%emt 0:00:02]}
Nxe8 {[%emt 0:00:17]} 34. Qe3 {[%emt 0:00:02]} Nd6 {[%emt 0:00:09]} 35. Ng3 {
[%emt 0:00:14]} Nf4 {[%emt 0:00:05]} 36. Qc1 {[%emt 0:00:15]} Nf5 {[%emt 0:00:
20]} 37. Nxf5 {[%emt 0:00:05]} Rxf5 {[%emt 0:00:01]} 38. Ng4 {[%emt 0:00:07]}
h5 {[%emt 0:00:05]} 39. Ne5 {[%emt 0:00:01]} Rbf8 {[%emt 0:00:02]} 40. Kh2 {
[%emt 0:00:04]} g4 {[%emt 0:00:05]} 41. hxg4 {[%emt 0:00:04]} hxg4 {[%emt 0:00:
00]} 42. Kg1 {[%emt 0:00:06]} Nh3+ {[%emt 0:00:10]} 43. Kh2 {[%emt 0:00:13]}
0-1

[Event "Atviras BTA Lietuvos RAPID2021"]
[Site "Vilnius, Lithuania"]
[Date "2021.07.17"]
[Round "3.6"]
[White "Morkunas, Gustas"]
[Black "Vedrickas, Tautvydas"]
[Result "0-1"]
[WhiteElo "1940"]
[BlackElo "2235"]
[PlyCount "80"]

1. e4 {[%emt 0:00:02]} g6 {[%emt 0:00:03]} 2. d4 {[%emt 0:00:02]} Bg7 {[%emt 0:
00:01]} 3. Nc3 {[%emt 0:00:04]} d6 {[%emt 0:00:01]} 4. Be3 {[%emt 0:00:02]} Nd7
{[%emt 0:00:02]} 5. f4 {[%emt 0:00:26]} a6 {[%emt 0:00:09]} 6. Qf3 {[%emt 0:00:
05]} c5 {[%emt 0:00:33]} 7. O-O-O {[%emt 0:00:30]} cxd4 {[%emt 0:00:59]} 8.
Bxd4 {[%emt 0:00:02]} e5 {[%emt 0:00:59]} 9. Be3 {[%emt 0:01:56]} exf4 {[%emt
0:01:07]} 10. Bxf4 {[%emt 0:00:01]} Ne5 {[%emt 0:00:06]} 11. Bxe5 {[%emt 0:00:
12]} Bxe5 {[%emt 0:00:04]} 12. Bc4 {[%emt 0:00:06]} Nf6 {[%emt 0:00:16]} 13. h3
{[%emt 0:00:22]} O-O {[%emt 0:00:57]} 14. Nge2 {[%emt 0:00:25]} b5 {[%emt 0:00:
03]} 15. Bb3 {[%emt 0:00:06]} Bb7 {[%emt 0:00:29]} 16. Nd5 {[%emt 0:01:08]}
Nxd5 {[%emt 0:00:16]} 17. Bxd5 {[%emt 0:00:04]} Bxd5 {[%emt 0:00:06]} 18. Rxd5
{[%emt 0:00:03]} Rc8 {[%emt 0:00:18]} 19. Rhd1 {[%emt 0:00:49]} Qa5 {[%emt 0:
00:54]} 20. Kb1 {[%emt 0:00:07]} Qa4 {[%emt 0:00:14]} 21. Qd3 {[%emt 0:00:32]}
Qb4 {[%emt 0:00:46]} 22. c3 {[%emt 0:00:20]} Qc4 {[%emt 0:00:05]} 23. Nd4 {
[%emt 0:00:52]} Rfe8 {[%emt 0:00:09]} 24. Nf3 {[%emt 0:00:26]} Bf4 {[%emt 0:00:
13]} 25. Rd4 {[%emt 0:00:05]} Qe6 {[%emt 0:00:34]} 26. Re1 {[%emt 0:00:32]} Qf6
{[%emt 0:00:39]} 27. g4 {[%emt 0:01:25]} Rb8 {[%emt 0:00:28]} 28. g5 {[%emt 0:
00:54]} Qe7 {[%emt 0:01:01]} 29. Rd5 {[%emt 0:00:02]} Rbc8 {[%emt 0:00:29]} 30.
h4 {[%emt 0:00:10]} Rc4 {[%emt 0:00:03]} 31. Nd4 {[%emt 0:00:03]} Be5 {[%emt 0:
00:15]} 32. Nf3 {[%emt 0:00:03]} Bf4 {[%emt 0:00:04]} 33. Nd4 {[%emt 0:00:03]}
Be5 {[%emt 0:00:05]} 34. Re2 {[%emt 0:00:31]} Rec8 {[%emt 0:00:20]} 35. a3 {
[%emt 0:00:08]} Bg7 {[%emt 0:00:05]} 36. Qd2 {[%emt 0:00:13]} R4c5 {[%emt 0:00:
04]} 37. Nf3 {[%emt 0:00:05]} Rxd5 {[%emt 0:00:03]} 38. Qxd5 {[%emt 0:00:02]}
Qd7 {[%emt 0:00:03]} 39. Nd4 {[%emt 0:00:03]} Qg4 {[%emt 0:00:05]} 40. Rf2 {
[%emt 0:00:05]} Qg1+ {[%emt 0:00:02]} 0-1

[Event "Atviras BTA Lietuvos RAPID2021"]
[Site "Vilnius, Lithuania"]
[Date "2021.07.17"]
[Round "3.7"]
[White "Eigminas, Kipras"]
[Black "Zvirblis, Andrius"]
[Result "1-0"]
[WhiteElo "2223"]
[BlackElo "1932"]
[PlyCount "127"]

1. e4 {[%emt 0:00:01]} c6 {[%emt 0:00:17]} 2. Nc3 {[%emt 0:00:01]} d5 {[%emt 0:
00:13]} 3. Nf3 {[%emt 0:00:02]} dxe4 {[%emt 0:01:01]} 4. Nxe4 {[%emt 0:00:01]}
Bf5 {[%emt 0:00:19]} 5. Ng3 {[%emt 0:00:22]} Bg4 {[%emt 0:00:18]} 6. h3 {[%emt
0:00:02]} Bxf3 {[%emt 0:00:09]} 7. Qxf3 {[%emt 0:00:01]} Nf6 {[%emt 0:00:09]}
8. Be2 {[%emt 0:00:01]} e6 {[%emt 0:00:11]} 9. O-O {[%emt 0:00:02]} Be7 {[%emt
0:00:06]} 10. Rd1 {[%emt 0:00:01]} O-O {[%emt 0:00:11]} 11. d4 {[%emt 0:00:01]}
Nbd7 {[%emt 0:00:02]} 12. a4 {[%emt 0:00:03]} Nb6 {[%emt 0:00:13]} 13. a5 {
[%emt 0:00:03]} Nbd5 {[%emt 0:00:03]} 14. a6 {[%emt 0:00:24]} b5 {[%emt 0:00:
12]} 15. c3 {[%emt 0:00:04]} Rb8 {[%emt 0:00:20]} 16. b3 {[%emt 0:00:03]} Rb6 {
[%emt 0:01:02]} 17. Bd2 {[%emt 0:00:40]} Qc8 {[%emt 0:00:49]} 18. c4 {[%emt 0:
00:01]} bxc4 {[%emt 0:00:45]} 19. bxc4 {[%emt 0:00:02]} Nb4 {[%emt 0:00:45]}
20. c5 {[%emt 0:00:28]} Rb8 {[%emt 0:00:14]} 21. Bf4 {[%emt 0:00:23]} Ra8 {
[%emt 0:00:17]} 22. Rab1 {[%emt 0:00:32]} Nxa6 {[%emt 0:00:28]} 23. Ne4 {[%emt
0:00:01]} Nxe4 {[%emt 0:00:26]} 24. Qxe4 {[%emt 0:00:01]} Nb8 {[%emt 0:00:45]}
25. Bd3 {[%emt 0:00:08]} g6 {[%emt 0:00:19]} 26. Bh6 {[%emt 0:01:31]} Rd8 {
[%emt 0:00:08]} 27. Bc4 {[%emt 0:00:01]} Bf8 {[%emt 0:00:13]} 28. Bg5 {[%emt 0:
00:03]} Re8 {[%emt 0:00:13]} 29. Rd3 {[%emt 0:00:56]} Nd7 {[%emt 0:00:16]} 30.
Rf3 {[%emt 0:00:06]} Qc7 {[%emt 0:00:35]} 31. Bf4 {[%emt 0:00:22]} Qc8 {[%emt
0:00:47]} 32. Bg3 {[%emt 0:00:36]} Bg7 {[%emt 0:00:09]} 33. Bd6 {[%emt 0:00:02]
} Nf6 {[%emt 0:00:10]} 34. Qh4 {[%emt 0:00:00]} Nd5 {[%emt 0:00:10]} 35. Rfb3 {
[%emt 0:00:38]} a5 {[%emt 0:00:06]} 36. Rb7 {[%emt 0:00:03]} Nb4 {[%emt 0:00:
04]} 37. Rc7 {[%emt 0:00:13]} Qd8 {[%emt 0:00:06]} 38. Qe4 {[%emt 0:00:29]} Qf6
{[%emt 0:00:13]} 39. Be5 {[%emt 0:00:24]} Qf5 {[%emt 0:00:05]} 40. Qxf5 {[%emt
0:01:12]} gxf5 {[%emt 0:00:01]} 41. Bd6 {[%emt 0:00:14]} Bxd4 {[%emt 0:00:11]}
42. Rb3 {[%emt 0:00:06]} Nd5 {[%emt 0:00:22]} 43. Rg3+ {[%emt 0:00:05]} Kh8 {
[%emt 0:00:04]} 44. Rxf7 {[%emt 0:00:03]} Rg8 {[%emt 0:00:02]} 45. Rd3 {[%emt
0:00:26]} Bb2 {[%emt 0:00:01]} 46. Rd2 {[%emt 0:00:14]} Bc3 {[%emt 0:00:03]}
47. Rc2 {[%emt 0:00:17]} Rg7 {[%emt 0:00:01]} 48. Rf8+ {[%emt 0:01:10]} Rxf8 {
[%emt 0:00:02]} 49. Bxf8 {[%emt 0:00:00]} Rg8 {[%emt 0:00:05]} 50. Bd6 {[%emt
0:00:36]} Bd4 {[%emt 0:00:02]} 51. Re2 {[%emt 0:00:09]} Rg6 {[%emt 0:00:11]}
52. Ba6 {[%emt 0:00:14]} f4 {[%emt 0:00:10]} 53. Kf1 {[%emt 0:00:04]} Nc3 {
[%emt 0:00:12]} 54. Re1 {[%emt 0:00:05]} Kg7 {[%emt 0:00:08]} 55. Bb7 {[%emt 0:
00:02]} Kf6 {[%emt 0:00:06]} 56. Bxc6 {[%emt 0:00:02]} e5 {[%emt 0:00:01]} 57.
Bd7 {[%emt 0:00:05]} Rg7 {[%emt 0:00:03]} 58. c6 {[%emt 0:00:02]} Nd5 {[%emt 0:
00:02]} 59. Rb1 {[%emt 0:00:23]} e4 {[%emt 0:00:01]} 60. Rd1 {[%emt 0:00:05]}
Nb6 {[%emt 0:00:13]} 61. Rxd4 {[%emt 0:00:08]} e3 {[%emt 0:00:06]} 62. Rxf4+ {
[%emt 0:00:06]} Kg6 {[%emt 0:00:02]} 63. Rg4+ {[%emt 0:00:00]} Kf7 {[%emt 0:00:
02]} 64. Rxg7+ {[%emt 0:00:08] Ke8 [%clk 00:00:11] [%emt 00:00:03]} 1-0

[Event "Atviras BTA Lietuvos RAPID2021"]
[Site "Vilnius, Lithuania"]
[Date "2021.07.17"]
[Round "3.8"]
[White "Narmontas, Raimondas"]
[Black "Narmontas, Tauras"]
[Result "0-1"]
[WhiteElo "1928"]
[BlackElo "2222"]
[PlyCount "51"]

1. e4 {[%emt 0:00:00]} Nf6 {[%emt 0:00:06]} 2. Nc3 {[%emt 0:00:02]} d5 {[%emt
0:00:01]} 3. e5 {[%emt 0:00:02]} Nfd7 {[%emt 0:00:01]} 4. d4 {[%emt 0:00:02]}
e6 {[%emt 0:00:01]} 5. f4 {[%emt 0:00:02]} c5 {[%emt 0:00:01]} 6. dxc5 {[%emt
0:00:02]} Bxc5 {[%emt 0:00:24]} 7. Qg4 {[%emt 0:00:02]} O-O {[%emt 0:00:30]} 8.
Nf3 {[%emt 0:00:02]} f5 {[%emt 0:00:21]} 9. Qh3 {[%emt 0:00:03]} Qb6 {[%emt 0:
00:58]} 10. Bd3 {[%emt 0:01:51]} Bb4 {[%emt 0:05:10]} 11. Bd2 {[%emt 0:00:45]}
Nc5 {[%emt 0:00:11]} 12. g4 {[%emt 0:01:37]} Ne4 {[%emt 0:00:39]} 13. gxf5 {
[%emt 0:01:35]} Qf2+ {[%emt 0:00:09]} 14. Kd1 {[%emt 0:00:01]} Qxd2+ {[%emt 0:
00:04]} 15. Nxd2 {[%emt 0:00:06]} Nf2+ {[%emt 0:00:02]} 16. Ke2 {[%emt 0:00:06]
} Nxh3 {[%emt 0:00:02]} 17. Raf1 {[%emt 0:00:36]} Nc6 {[%emt 0:00:16]} 18. Nb3
{[%emt 0:00:11]} g5 {[%emt 0:01:34]} 19. fxg5 {[%emt 0:00:51]} Bxc3 {[%emt 0:
00:12]} 20. bxc3 {[%emt 0:00:15]} exf5 {[%emt 0:00:02]} 21. c4 {[%emt 0:01:24]}
d4 {[%emt 0:00:22]} 22. Rf3 {[%emt 0:00:53]} f4 {[%emt 0:00:02]} 23. Be4 {
[%emt 0:00:03]} Nxe5 {[%emt 0:00:13]} 24. Nxd4 {[%emt 0:00:14]} Kh8 {[%emt 0:
00:02]} 25. Rb3 {[%emt 0:00:24]} Nxg5 {[%emt 0:00:08]} 26. h4 {[%emt 0:00:12]}
0-1